000 01020nam a2200289 i 4500
001 000033102
003 DO-SdBNP
005 20241125104540.0
007 ta
008 091002s1994 dr ac r 000 p spa d
040 _aDO-SdBNP
_bspa
_cBNPHU
_erda
041 _aspa
082 4 _aRD861.44
_bD542f
_222
100 1 _aDíaz Carela, Cecilio,
_d1948-
_eautor
_4aut.
_924839
245 1 0 _aFantasía terrenal /
_cCecilio Díaz Carela ; presentación, Antonio Fernández Spencer.
264 4 _aSanto Domingo, República Dominicana :
_bImpresora Sharp Padilla,
_c©1994.
300 _a137 páginas :
_bilustraciones, retratos ;
_c22 cm.
336 _atexto
_btxt
_2rdacontent
337 _asin mediación
_bn
_2rdamedia
338 _avolumen
_bnc
_2rdacarrier
590 _aInventariado, 2018/BT
650 0 _aPoesía dominicana
_966
650 0 _aLiteratura dominicana.
_967
700 1 2 _aFernández Spencer, Antonio,
_d1922-1995
_epresentador
_4pr.
_922525
910 _aValidado. Control de calidad. MFF
942 _2ddc
_cLBS1
999 _c32593
_d32593